000 00622nam a2200121Ia 4500
008 171212s9999 xx 000 0 und d
020 _a9780833081643
100 _aThaler, David E.;Brown, Ryan Andrew;Gonzalez, Gabriella C.;Mobley, Blake W.;Roshan, Parisa
245 _cThaler, David E.;Brown, Ryan Andrew;Gonzalez, Gabriella C.;Mobley, Blake W.;Roshan, Parisa
_aImproving the U.S. Military’s Understanding of Unstable Environments Vulnerable to Violent Extremist Groups
_bInsights from Social Science
260 _bRAND Corporation
_c2013
650 _aHistory
856 _uhttp://www.jstor.org/stable/10.7249/j.ctt5vjvzg
999 _c352209
_d352209